[Event "Addis Ababa zt 4.4"]
[Site "Addis Ababa"]
[Date "2022.05.03"]
[Round "3"]
[White "Yousuf Omer, Mahamed"]
[Black "Abera, Aydagnuhem Gezachew"]
[Result "1/2-1/2"]
[WhiteElo "1970"]
[BlackElo "2097"]
[PlyCount "105"]
[EventDate "2022.05.02"]
[EventType "swiss"]
[EventRounds "9"]
[EventCountry "ETH"]
[SourceTitle "CBM 208 Extra"]
[Source "ChessBase"]
[SourceDate "2022.07.31"]
[SourceVersion "1"]
[SourceVersionDate "2022.07.31"]
[SourceQuality "1"]

1. d4 Nf6 2. c4 g6 3. Nf3 Bg7 4. g3 0-0 5. Bg2 d6 6. Nc3 c6 7. 0-0 Nbd7 8. e4 e5 9. d5 c5 10. a3 h6 11. b4 b6 12. Rb1 Kh7 13. h3 Ba6 14. Qe2 cxb4 15. axb4 Qc7 16. b5 Bb7 17. Be3 Rfc8 18. Nd2 Nc5 19. Rfc1 a5 20. bxa6 Bxa6 21. Nb5 Bxb5 22. Rxb5 Ra5 23. Rcb1 Rxb5 24. Rxb5 Ra8 25. Bxc5 bxc5 26. Nb1 Qa7 27. Qb2 Qa4 28. Rb7 Kg8 29. Qb3 Qxb3 30. Rxb3 Ra4 31. Na3 Rb4 32. Rc3 Kf8 33. Nb5 Ne8 34. Bf1 Ra4 35. Rb3 Ke7 36. Nc3 Rb4 37. Ra3 Nc7 38. Ra7 Kd8 39. Nb5 Nxb5 40. cxb5 c4 41. Rxf7 c3 42. Rf3 Rb3 43. b6 Kc8 44. Ba6+ Kb8 45. Rf7 Rxb6 46. Bd3 Rb7 47. Rxb7+ Kxb7 48. Kf1 Kb6 49. Ke2 Kc5 50. f3 Kb4 51. Bc2 Kc4 52. Ba4 Bf6 53. Bc2 1/2-1/2

[Event "Mombasa zt 4.2"]
[Site "Mombasa"]
[Date "2019.05.09"]
[Round "7"]
[White "Yousuf Omer, Mahamed"]
[Black "Bajje, Endashaw Ashame"]
[Result "1-0"]
[WhiteElo "2000"]
[BlackElo "2018"]
[PlyCount "65"]
[EventDate "2019.05.05"]
[EventType "swiss"]
[EventRounds "9"]
[EventCountry "KEN"]
[SourceTitle "CBM 190 Extra"]
[Source "ChessBase"]
[SourceDate "2019.07.15"]
[SourceVersion "1"]
[SourceVersionDate "2019.07.15"]
[SourceQuality "1"]

1. d4 Nf6 2. c4 e6 3. Nc3 d5 4. Bf4 c6 5. e3 Be7 6. c5 0-0 7. Bd3 Nbd7 8. h3 Re8 9. Bh2 Nf8 10. f4 g6 11. Nf3 Nh5 12. 0-0 Ng7 13. b4 Nf5 14. Qe2 Bd7 15. a3 a6 16. Na4 Bc8 17. Nb6 Ra7 18. Kh1 Nd7 19. Nxc8 Qxc8 20. g4 Ng7 21. Qc2 f5 22. g5 Rf8 23. Rac1 Kf7 24. Rg1 Rh8 25. a4 Qc7 26. b5 axb5 27. axb5 cxb5 28. Bxb5 Ra5 29. Bxd7 Rha8 30. Rb1 Kg8 31. Ne5 R8a6 32. Qb3 b6 33. cxb6 1-0